000 00466nam a22001337a 4500
082 _a625.8
_bSTA
_cD
100 _aNational Research Council
_926742
245 _aState of the art: Rigid pavement design research on skid resistance pavement condition evalution
_cNational Research Council
260 _aWashington
_bHighway research board
_c1968
300 _a68 p.
_bill.
_c23 cm.
526 _a0
_b0
_c0
_d625_800000000000000_STA
650 _aD
_96527
942 _2ddc
_cBK
999 _c547769
_d547769